What Famous Building Are You In? - Statistics

General Stats
  • This quiz has been taken 23 times
  • The average score is 10 of 20
Answer Stats
Picture Answer % Correct
The White House
95%
Palace of Versailles
86%
Flavian Amphitheater
81%
Notre-Dame de Paris
71%
Sistine Chapel
71%
Eiffel Tower
67%
Westminster Abbey
67%
Hagia Sophia
62%
Pantheon
57%
Taj Mahal
57%
Guggenheim Museum (New York)
48%
Musée du Louvre
48%
CN Tower
43%
Sagrada Familia
43%
Sydney Opera House
43%
St. Basil's Cathedral
38%
Dome of the Rock
29%
Great Mosque of Cordoba
19%
Tower of Pisa
10%
Great Mosque of Djenne
5%
No matching quizzes found
Score Distribution
Percent of People with Each Score
Percentile by Number Answered
Your Score History
You have not taken this quiz